000 00691nam a22002177a 4500
001 5822
003 FISKH
005 20250123112047.0
008 250123b cb ||||| |||| 00| 0 eng d
020 _a9780545274586
040 _aFISKH
_beng
_cFISKH
_dFISKH
050 _aPZ7
082 _a920
100 _aBisihop, Rudine Sims
245 _aDaniel A. Payne :
_bGreat black leader /
_cby Rudine Sims Bisihop
260 _aNew York :
_bScholastic ,
_c2009.
300 _a69 pages :
_billustrations ;
_c23 cm .
520 _aA brief biography of African-American religious leader of the African Methodist Episcopal Church during the mid-1800s.
942 _2ddc
_cBK
_n0
999 _c5822
_d5822